ARRUPE JESUIT UNIVERSITY

CORONAVIRUS -STOP THE SPREAD - CLEAN,DISINFECT,COVER

The Transvaal from within: (Record no. 91056)

MARC details
000 -LEADER
fixed length control field 00439nam a2200181Ia 4500
003 - CONTROL NUMBER IDENTIFIER
control field 0100
005 - DATE AND TIME OF LATEST TRANSACTION
control field 20180302123204.0
008 - FIXED-LENGTH DATA ELEMENTS--GENERAL INFORMATION
fixed length control field 130307s9999 xx 000 0 und d
040 ## - CATALOGING SOURCE
Transcribing agency ARRUPELIB
050 ## - LIBRARY OF CONGRESS CALL NUMBER
Classification number DT929.F55 1900
300 ## - PHYSICAL DESCRIPTION
Other physical details 19cm.
100 ## - MAIN ENTRY--PERSONAL NAME
Personal name Fitzpatrick, James Percy
9 (RLIN) 40196
245 #4 - TITLE STATEMENT
Title The Transvaal from within:
Remainder of title a private record of public affairs /
260 ## - PUBLICATION, DISTRIBUTION, ETC. (IMPRINT)
Place of publication, distribution, etc London
Name of publisher, distributor, etc William Heinemann
Date of publication, distribution, etc 1900
300 ## - PHYSICAL DESCRIPTION
Extent 364p.
650 ## - SUBJECT ADDED ENTRY--TOPICAL TERM
Topical term or geographic name as entry element Transvaal
General subdivision Politics
Chronological subdivision 1880-1910
9 (RLIN) 40186
942 ## - ADDED ENTRY ELEMENTS (KOHA)
Source of classification or shelving scheme Library of Congress Classification
Koha item type Monograph ( Printed materials)
Holdings
Withdrawn status Lost status Source of classification or shelving scheme Damaged status Not for loan Collection code Home library Current library Date acquired Total Checkouts Full call number Barcode Date last seen Copy number Price effective from Koha item type Shelving location
    Library of Congress Classification     Main Collection ARRUPE LIBRARY ARRUPE LIBRARY 07/03/2013   DT929.F55 1900 46600000558 07/12/2017 1 07/03/2013 Monograph ( Printed materials)  
    Library of Congress Classification     SPECIAL Collection ARRUPE LIBRARY ARRUPE LIBRARY 29/01/2014   SPC DT929.F55 1900 46412193 29/01/2014 2 29/01/2014 REFERENCE Main Collection
    Library of Congress Classification     Main Collection ARRUPE LIBRARY ARRUPE LIBRARY 22/01/2016   L DT929.F55 1900 46500006003 22/01/2016   22/01/2016 Monograph ( Printed materials) Main Collection

 

Arrupe Library. PO Box MP320 Mt Pleasant, Harare, Zimbabwe
263 242 745411|librarian@aju.ac.zw